<?xml version="1.0" encoding="UTF-8"?>
<record
    xmlns:xsi="http://www.w3.org/2001/XMLSchema-instance"
    xsi:schemaLocation="http://www.loc.gov/MARC21/slim http://www.loc.gov/standards/marcxml/schema/MARC21slim.xsd"
    xmlns="http://www.loc.gov/MARC21/slim">

  <leader>00497nam a22001817a 4500</leader>
  <datafield tag="999" ind1=" " ind2=" ">
    <subfield code="c">9183</subfield>
    <subfield code="d">9183</subfield>
  </datafield>
  <controlfield tag="003">GBCCL</controlfield>
  <controlfield tag="005">20241126110707.0</controlfield>
  <controlfield tag="008">220425b           ||||| |||| 00| 0 eng d</controlfield>
  <datafield tag="040" ind1=" " ind2=" ">
    <subfield code="c">GBC</subfield>
  </datafield>
  <datafield tag="082" ind1=" " ind2=" ">
    <subfield code="a">223.107</subfield>
    <subfield code="b">BIA</subfield>
  </datafield>
  <datafield tag="100" ind1=" " ind2=" ">
    <subfield code="a">Biakmawia, C</subfield>
    <subfield code="9">15989</subfield>
  </datafield>
  <datafield tag="245" ind1=" " ind2=" ">
    <subfield code="a">Joba leh thufingte : hebrai te finna thu</subfield>
  </datafield>
  <datafield tag="260" ind1=" " ind2=" ">
    <subfield code="a">Aizawl : </subfield>
    <subfield code="b">Synod publication board, </subfield>
    <subfield code="c">1988</subfield>
  </datafield>
  <datafield tag="300" ind1=" " ind2=" ">
    <subfield code="a">186</subfield>
  </datafield>
  <datafield tag="440" ind1=" " ind2=" ">
    <subfield code="a">Thuthlung Hlui Hrilhfiahna</subfield>
    <subfield code="9">15990</subfield>
  </datafield>
  <datafield tag="650" ind1=" " ind2=" ">
    <subfield code="a">Bible </subfield>
    <subfield code="v">Old Testament</subfield>
    <subfield code="x">Job</subfield>
    <subfield code="9">7644</subfield>
  </datafield>
  <datafield tag="942" ind1=" " ind2=" ">
    <subfield code="2">ddc</subfield>
    <subfield code="c">BK</subfield>
  </datafield>
  <datafield tag="952" ind1=" " ind2=" ">
    <subfield code="0">0</subfield>
    <subfield code="1">0</subfield>
    <subfield code="2">ddc</subfield>
    <subfield code="4">0</subfield>
    <subfield code="7">0</subfield>
    <subfield code="a">GBC</subfield>
    <subfield code="b">GBC</subfield>
    <subfield code="c">VER</subfield>
    <subfield code="d">2022-04-25</subfield>
    <subfield code="l">0</subfield>
    <subfield code="o">VER 223.107 BIA</subfield>
    <subfield code="p">014700</subfield>
    <subfield code="r">2025-05-01 00:00:00</subfield>
    <subfield code="t">v.2</subfield>
    <subfield code="w">2022-04-25</subfield>
    <subfield code="y">BK</subfield>
  </datafield>
</record>
